banner-ar

اخصائى مصادر التعلم او الامين وقيادة التغيير التعليمى / (Record no. 63643)

MARC details
000 -الفاتح
حقل البيانات ثابتة الطول 01041nam a2200265 4500
005 - وقت وتاريخ اخر تعامل مع التسجيلة
رقم الضبط 20240530110651.0
008 - عناصر البيانات ثابتة الطول - معلومات عامة
حقل البيانات ثابتة الطول 171213s2016 ua g b 000 0 ara d
017 ## - رقم الايداع القانونى
رقم الايداع القانونى 25900
المصدر ( الهيئة المختصة) مصر. دار الكتب
020 ## - الرقم الدولى المعيارى للكتب
الرقم الدولى المعيارى للكتاب 9789773583422
040 ## - مصدر الفهرسة
وكالة الفهرسة الأصلية EG-CaGPL
وكالة النسخ EG-CaGPL
082 04 - رقم تصنيف ديوى العشرى
رقم الطبعة 21
رقم التصنيف 021.24 /
رقم المادة ح أ
100 0# - المدخل الرئيسى - إسم شخصى
الإسم الشخصى حسنى عبدالرحمن الشيمى
245 10 - بيان العنوان
العنوان اخصائى مصادر التعلم او الامين وقيادة التغيير التعليمى /
بيان المسئوليه,etc حسنى عبدالرحمن الشيمى
250 ## - بيان الطبعة
بيان الطبعة ط. 1
260 ## - PUBLICATION, DISTRIBUTION, ETC. (IMPRINT)
تاريخ النشر أو التوزيع 2016.
300 ## - الوصف المادى
التعداد 273 ص. ؛
أبعاد الوعاء 24 سم +
المادة المصاحبة ملاحق.
504 ## - تبصرة ببليوجرافية
تبصرة ببليوجرافية,الخ يشتمل على ارجاعات ببليوجرافية
650 07 - المدخل الاضافى بالموضوع-مصطلح موضوعى
مصدر الرأس أو المصطلح qrmak
مصطلح موضوعي المكتبات
650 07 - المدخل الاضافى بالموضوع-مصطلح موضوعى
مصدر الرأس أو المصطلح qrmak
مصطلح موضوعي المكتبات ( مهنة )
650 07 - المدخل الاضافى بالموضوع-مصطلح موضوعى
مصدر الرأس أو المصطلح qrmak
مصطلح موضوعي الخدمة المكتبية
650 07 - المدخل الاضافى بالموضوع-مصطلح موضوعى
مصدر الرأس أو المصطلح qrmak
مصطلح موضوعي المكتبات
التقسيم الفرعي العام موظفون
651 ## - المدخل الاضافى بالموضوع - اسم جغرافى
مصدر الرأس أو المصطلح qrmak
942 ## - عناصر المدخل الإضافي( كوها)
مصدر التصنيف او مخطط الترفيف Dewey Decimal Classification
Koha [default] item type كتاب
260 ## - PUBLICATION, DISTRIBUTION, ETC. (IMPRINT)
-- القاهرة :
-- دار الفجر للنشر و التوزيع ،
Holdings
حالة التراجع حالة الفقد حالة تلف ليس للاعارة المكان المؤقت الموقع الحالى موقع الترفيف تاريخ الاكتساب اجمالي اﻻعارات رقم الطلب الباركود تاريخ اخر مشاهدة تاريخ تفعيل السعر نوع وعاء كوها
        مكتبة القاهرة الكبرى مكتبة القاهرة الكبرى القاعة الرئيسية 12/13/2017   021.24 / ح أ 163749 12/13/2017 12/13/2017 كتاب

Powered By

EGPV